Serbia-visa - Statistics

Yleistilastot
  • Tätä visaa on pelattu 314 kertaa
  • Keskiarvotulos 10 / 18
Vastaustilastot
Vihje Vastaus % Oikein
Pääkaupunki Belgrad
93%
Kiistelty alue, joka julistautui itsenäiseksi 2008 Kosovo
93%
Valtio, jonka osana Serbia oli 1990-luvun alkupuolelle asti Jugoslavia
92%
Valtio, joka itsenäistyi Serbiasta vuonna 2006 Montenegro
87%
Valtio, jonka kanssa Serbialla on pisin raja Romania
80%
Pääkaupunki on rakennettu näiden kahden joen yhtymäkohtaan Tonava
76%
Kansainvälinen järjestö, joka pommitti Serbiaa vuonna 1999 NATO
75%
Vuonna 1914 serbinationalisti Gavrilo Princip aiheutti "pientä" vahinkoa salamurhaamalla tämän kuninkaallisen perijän Frans Ferdinand
55%
Diktaattori, joka hallitsi tuota valtiota 1953–1980 Josip Broz Tito
53%
Joukkueurheilulaji, jossa Serbia saavutti miesten hopeaa vuosien 1996 ja 2016 olympialaisissa Koripallo
53%
Serbialainen lukuisia Grand slam -turnauksia voittanut miestennispelaaja Novak Đoković
52%
Serbialainen keksijä, joka osallistui muun muassa vaihtovirran kehittämiseen Nikola Tesla
45%
Valuutta Dinaari
36%
Toiseksi suurin kaupunki Novi Sad
30%
Pääkaupunki on rakennettu näiden kahden joen yhtymäkohtaan Sava
23%
Itsehallinnolinen alue Serbian pohjoisosassa Vojvodina
21%
Kolmanneksi suurin kaupunki, tunnettiin antiikin aikaan nimellä Naissus Niš
19%
Serbian presidentti Aleksandar Vučić
12%
Ehtoja vastaavia visoja ei löytynyt
Tulosjakauma
Jokaisen tuloksen saaneiden osuus
Persentiili vastausten määrän mukaan
Tuloshistoriasi
Et ole pelannut tätä visaa